| 000 | 00389nam a2200145Ia 4500 | ||
|---|---|---|---|
| 008 | 240624s9999 xx 000 0 und d | ||
| 041 | _aeng | ||
| 082 | _a005.133 GOT | ||
| 100 | _aGOTTFRIED BYRON | ||
| 245 | _aSCHAUM S OUTLINES OF THEORY AND PROBLEMS OF PROG | ||
| 250 | _a(2nd ed.) | ||
| 260 |
_c2004 _aNew Delhi _bTata McGrawhill |
||
| 300 | _aviii, : 532 : p. : cm. ; 26 | ||
| 365 | _cRS | ||
| 999 |
_c2665 _d2665 |
||